000 02045nam a2200229Ia 4500
999 _c29705
_d29705
003 OSt
005 20210409133356.0
008 160316s2012 xxu||||| |||| 00| 0 eng d
020 _a8171111157
040 _cnls
082 _a345.052
_bMIT-I
100 _aMitter
245 _aPolice diaries : Statements, reports and investigations Vol. I
250 _a11th
260 _aNew Delhi
_bLaw Publishers India Pvt. Ltd.
_c2012
300 _a824p
_cclxxviii
365 _bRs. 2,695 Vols
505 _aContents: (Vol. 01) Preface; Contents at a Glance of Vol.2, Table of Cases; Latest Case Laws Reported During Printing of Book; Cha.1. Crime and its Investigation; Cha.2. Science-Oriented and Detection of Crime-A Guide to Investigating Officer; Cha.3. Power of the Police to Investigation; Cha.4. First Information Report; Cha.5. Information, Commencement of Investigation and Ingredients of through Investigation in Non-Cognizable Cases; Cha.6. Cognizable Cases-Investigation-Its Practical and Legal aspects-jurisdiction of Court; Cha.7. Procedure when Cognizable Offence Suspected; Cha.8. Investigation; Cha.9. Examination of Witnesses Practical Approach within Legal frame work; Cha.10. Interrogation of Witnesses-Continental view; Cha.11. The Practical hints and guide for Police Officers in matters of evaluation of Evidence in Course of Investigation; Cha.12. Use of Statement before Police, Detention Under various Crimes and their Legal aspect; Cha.13. Case Diaries and their importance in Criminal Cases; Cha.14. Power of search and Seizure by Police Magistrates and other Agencies under various Crimes; Cha.15. Arrest and Essentials of Arrest; Cha.16. Bail by Police and Court, Anticipatory Bail, Cancellation of Bail in writ Habeas Corpus; Cha.17. Remand and Law of Detention; Cha.18. State and Prosecutor’s Responsibility towards under-trials and convicts; Cha.19. Confession; Cha.20. Information by Accused leading to Discovery;
650 _a1. Police Dairies
700 _a
_a
942 _2ddc
_cBK